| 000 | 00700nam a22002411 4500 | ||
|---|---|---|---|
| 001 | 22517 | ||
| 003 | CZ PrNK | ||
| 005 | 20260331142618.0 | ||
| 008 | 010803s1983 xo slo | ||
| 040 |
_aABA001 _bcze _dABA001 |
||
| 041 | 1 |
_aslo _heng |
|
| 100 | 1 |
_aMelville, Herman, _d1819-1891 _4aut |
|
| 245 | 1 | 0 |
_aPrvá plavba / _cHerman Melville ; il. Dušan Nágel ; z angl. orig. prel. Štefan Kýška |
| 250 | _a1. vyd. | ||
| 260 |
_aBratislava : _bMladé letá, _c1983 |
||
| 300 |
_a280 s. ; _c8° |
||
| 490 | 1 | _aDobré slovo | |
| 700 | 1 |
_aNágel, Dušan, _d1949- _4ill |
|
| 700 | 1 |
_aKýška, Štefan, _d1914-1984 _4trl |
|
| 830 | 0 | _aDobré slovo | |
| 910 | _aABA001 | ||
| 942 |
_2ddc _cKLDO _n0 |
||
| 999 |
_c22517 _d22517 |
||